000 00708nam a2200265Ia 4500
003 OSt
005 20221006144511.0
006 a|||||r|||| 00| 0
007 ta
008 221006b |||||||| |||| 00| 0 chi d
020 _a9787532602148
_cYu 44.80
024 _a11,835
037 _bGift, PRC
_cTextual
040 _aEASL
_cEASL
_bchi
041 _2chi
_achi
082 _aP41:4k, N7
100 _aKARLGREN Bernhard
_9107835
245 0 _aHan Wen Dian
260 _aShanghai
_bShanghai Cishu Chubanshe China
_c1997
300 _a725p.
_ccm.
490 _v RR
650 _aCL
_9642733
942 _hP41:4k, N7
_cTEXL
_2CC
999 _c1079921
_d1079921